|
|
|
|
| LEADER |
00884nam a2200325 4500 |
| 001 |
DLU140165152 |
| 005 |
##20141105 |
| 020 |
# |
# |
|a 9786049306075
|
| 040 |
# |
# |
|a DLU
|b vie
|
| 041 |
# |
# |
|a vie
|
| 044 |
# |
# |
|a vn
|
| 082 |
# |
# |
|a 915.97
|b NG-H
|
| 100 |
# |
# |
|a Nguyễn Hữu Hiếu.
|
| 245 |
# |
# |
|a Nguồn gốc địa danh Nam Bộ qua truyện cổ tích và giả thuyết /
|c Nguyễn Hữu Hiếu.
|
| 260 |
# |
# |
|a H. :
|b Thời đại,
|c 2013.
|
| 300 |
# |
# |
|a 307 tr. ;
|c 21 cm.
|
| 504 |
# |
# |
|a Tài liệu tham khảo: tr.295.
|
| 650 |
# |
# |
|a Tên, Địa lý
|z Việt Nam, Miền Nam
|x Lịch sử.
|
| 650 |
# |
# |
|z Việt Nam, Miền Nam
|x Lịch sử
|
| 923 |
# |
# |
|a 04/2014
|
| 991 |
# |
# |
|a SH
|
| 992 |
# |
# |
|a 12300
|
| 994 |
# |
# |
|a DLU
|
| 900 |
# |
# |
|a True
|
| 911 |
# |
# |
|a Đào Thị Thu Huyền
|
| 925 |
# |
# |
|a G
|
| 926 |
# |
# |
|a A
|
| 927 |
# |
# |
|a SH
|
| 980 |
# |
# |
|a Thư viện Trường Đại học Đà Lạt
|